[Event "División  Honor Aragonesa 2018 "]
[Site "Aragon"]
[Date "2018.03.17"]
[Round "8.6"]
[White "Escuer Sanchez, Nestor"]
[Black "Glavina, Pablo"]
[Result "0-1"]
[WhiteElo "2074"]
[BlackElo "2394"]
[PlyCount "89"]
[EventDate "2018.??.??"]
[EventType "tourn"]
[EventRounds "10"]
[EventCountry "ESP"]
[WhiteTeam "Enroque S.M.A."]
[BlackTeam "St. Casablanca A"]

1. d4 Nf6 2. c4 e6 3. Nc3 Bb4 4. Qc2 O-O 5. Nf3 d5 6. Bg5 h6 7. Bxf6 Qxf6 8. a3
Bxc3+ 9. Qxc3 c6 10. e3 Nd7 11. Rd1 Re8 12. Ne5 c5 13. Be2 cxd4 14. exd4 dxc4
15. Bxc4 Nb6 16. Be2 Nd5 17. Qg3 b6 18. O-O Bb7 19. Bf3 Rac8 20. Rfe1 Qg5 21.
Qxg5 hxg5 22. Be4 Re7 23. Nf3 f6 24. Bb1 Nf4 25. Be4 Bxe4 26. Rxe4 Rc2 27. Rd2
Rc1+ 28. Re1 Rec7 29. g3 Nh3+ 30. Kf1 g4 31. Rxc1 Rxc1+ 32. Ne1 Ng1 33. Kxg1
Rxe1+ 34. Kg2 Kf7 35. h3 gxh3+ 36. Kxh3 Ke7 37. Kg4 Kd6 38. Kh5 Re4 39. f3 Re3
40. Rf2 g5 41. Kg6 Ke7 42. g4 Rd3 43. f4 gxf4 44. Rxf4 Rg3 45. Kh5 {Tiempo} 0-1

[Event "División  Honor Aragonesa 2018 "]
[Site "Aragon"]
[Date "2018.03.17"]
[Round "8.7"]
[White "Quintin Navarro, Alberto"]
[Black "Andreu Sin, Raul"]
[Result "1-0"]
[WhiteElo "2380"]
[BlackElo "2041"]
[PlyCount "109"]
[EventDate "2018.??.??"]
[EventType "tourn"]
[EventRounds "10"]
[EventCountry "ESP"]
[WhiteTeam "St. Casablanca A"]
[BlackTeam "Enroque S.M.A."]

1. d4 d5 2. c4 e6 3. Nf3 Nf6 4. g3 Be7 5. Bg2 O-O 6. O-O b6 7. Nc3 Bb7 8. cxd5
exd5 9. Ne5 Nbd7 10. Qa4 Nb8 11. Rd1 Qe8 12. Qb3 c6 13. a4 Nbd7 14. Nxd7 Qxd7
15. a5 bxa5 16. Rxa5 Rfb8 17. Bf4 Bd6 18. Bxd6 Qxd6 19. Rda1 Bc8 20. Qc2 a6 21.
e4 dxe4 22. Nxe4 Nxe4 23. Bxe4 g6 24. Qxc6 Qxc6 25. Bxc6 Ra7 26. R5a2 Rb6 27.
Bf3 Rd7 28. Rd1 Rdd6 29. Rd2 Rb4 30. d5 Bb7 31. Ra5 Kg7 32. Ra3 Rbb6 33. Rad3
Rb5 34. Bg2 Kf6 35. f4 Kg7 36. Kf2 Kf6 37. Ke3 Rb4 38. Ke2 Bc8 39. Rc3 Bb7 40.
Kd1 Rb5 41. Rcd3 Rbb6 42. Kc2 Bc8 43. Rb3 Ke7 44. Re2+ Kd8 45. Kc3 Bb7 46. Rxb6
Rxb6 47. Kc4 Kd7 48. b4 Kd6 49. Re8 h5 50. Rd8+ Ke7 51. Rh8 a5 52. bxa5 Ba6+
53. Kc5 Rf6 54. Rb8 Kd7 55. Rb6 1-0

[Event "División  Honor Aragonesa 2018 "]
[Site "Aragon"]
[Date "2018.03.17"]
[Round "8.8"]
[White "Campo Pelegrin, Ramon"]
[Black "Chueca Lorente, Javier"]
[Result "0-1"]
[WhiteElo "1779"]
[BlackElo "2134"]
[PlyCount "82"]
[EventDate "2018.??.??"]
[EventType "tourn"]
[EventRounds "10"]
[EventCountry "ESP"]
[WhiteTeam "Enroque S.M.A."]
[BlackTeam "St. Casablanca A"]

1. e4 c5 2. Nc3 g6 3. f4 Bg7 4. Nf3 Nc6 5. Bb5 Nd4 6. O-O Nxb5 7. Nxb5 d5 8.
exd5 a6 9. Nc3 Nf6 10. Ne5 Nxd5 11. Qf3 Nxc3 12. dxc3 O-O 13. Be3 Qc7 14. Rad1
Be6 15. Nd3 b6 16. a4 a5 17. g4 f5 18. h3 Rad8 19. Nf2 Bd7 20. Qd5+ Kh8 21. Qc4
Qc6 22. Kh2 Qf3 23. Rde1 Qc6 24. Bc1 e5 25. gxf5 Rxf5 26. Ng4 Be6 27. Qb5 Qc8
28. Qe2 Rh5 29. Rg1 e4 30. Rg3 Bf5 31. Qg2 g5 32. fxg5 Qc7 33. Nf6 Rxh3+ 34.
Qxh3 Bxh3 35. Kxh3 Bxf6 36. gxf6 Qd7+ 37. Kh4 Qf5 38. Bg5 Rd5 39. Kh5 Qg6+ 40.
Kh4 h6 41. Kh3 hxg5 0-1

[Event "División  Honor Aragonesa 2018 "]
[Site "Aragon"]
[Date "2018.03.17"]
[Round "8.9"]
[White "Lana Rodriguez, David"]
[Black "Garza Marco, Sergio"]
[Result "1/2-1/2"]
[WhiteElo "2275"]
[BlackElo "2418"]
[PlyCount "61"]
[EventDate "2018.??.??"]
[EventType "tourn"]
[EventRounds "10"]
[EventCountry "ESP"]
[WhiteTeam "Agrupacion"]
[BlackTeam "Helios"]

1. e4 Nf6 2. Nc3 e5 3. Nf3 Nc6 4. Bb5 Bb4 5. d3 d6 6. Bd2 O-O 7. Qe2 Ne7 8. a3
Ba5 9. b4 a6 10. bxa5 axb5 11. Nxb5 c6 12. Nc3 Rxa5 13. O-O Ng6 14. Rfb1 Nh5
15. Be3 Nhf4 16. Qd2 Ra6 17. Ne2 Nxe2+ 18. Qxe2 d5 19. c4 d4 20. Bg5 Qd6 21.
Qb2 b6 22. Nh4 h6 23. Nxg6 Qxg6 24. Be7 Bh3 25. f3 Rfa8 26. Kf1 Bd7 27. Bh4 Qd6
28. Be1 c5 29. Qc1 R8a7 30. Rb3 Ba4 31. Rb2 1/2-1/2

[Event "División  Honor Aragonesa 2018 "]
[Site "Aragon"]
[Date "2018.03.17"]
[Round "8.10"]
[White "Guzman Moneo, Alberto"]
[Black "Barrantes Munoz, Hugo Pedro"]
[Result "1/2-1/2"]
[WhiteElo "2239"]
[BlackElo "2203"]
[PlyCount "40"]
[EventDate "2018.??.??"]
[EventType "tourn"]
[EventRounds "10"]
[EventCountry "ESP"]
[WhiteTeam "Helios"]
[BlackTeam "Agrupacion"]

1. e4 e5 2. Nf3 Nc6 3. Bc4 d6 4. d4 exd4 5. Nxd4 g6 6. Nc3 Bg7 7. Be3 Nf6 8.
O-O O-O 9. Nxc6 bxc6 10. Bg5 Qe8 11. Re1 Qe5 12. Qd2 Ng4 13. Bf4 Bh6 14. g3
Bxf4 15. Qxf4 Rb8 16. Nd1 Rb4 17. Bd3 Qxf4 18. gxf4 Re8 19. c3 Rb8 20. b4 f5 {
Ilegible} 1/2-1/2

[Event "División  Honor Aragonesa 2018 "]
[Site "Aragon"]
[Date "2018.03.17"]
[Round "8.11"]
[White "Lacruz Algarate, Alvaro"]
[Black "Cerrajeria Ruiz, Jesus Maria"]
[Result "0-1"]
[WhiteElo "2113"]
[BlackElo "2142"]
[PlyCount "52"]
[EventDate "2018.??.??"]
[EventType "tourn"]
[EventRounds "10"]
[EventCountry "ESP"]
[WhiteTeam "Agrupacion"]
[BlackTeam "Helios"]

1. e4 c5 2. Nf3 g6 3. c3 Bg7 4. d4 cxd4 5. cxd4 d5 6. e5 Nc6 7. Nc3 Nh6 8. Bb5
O-O 9. Bxc6 bxc6 10. O-O Bg4 11. h3 Bxf3 12. Qxf3 Nf5 13. Qd3 c5 14. dxc5 d4
15. Ne4 Bxe5 16. b4 Qd5 17. Re1 Rfd8 18. a4 Ng7 19. Rb1 Ne6 20. a5 Bc7 21. Nd2
Nf4 22. Qf3 d3 23. Rxe7 Qxf3 24. Nxf3 Nd5 25. Re1 Nxb4 26. Re7 Nd5 0-1

[Event "División  Honor Aragonesa 2018 "]
[Site "Aragon"]
[Date "2018.03.17"]
[Round "8.12"]
[White "Aparicio Navarro, Pedro"]
[Black "Moreno Martin-Viveros, Alvaro"]
[Result "1/2-1/2"]
[WhiteElo "2125"]
[BlackElo "2089"]
[PlyCount "38"]
[EventDate "2018.??.??"]
[EventType "tourn"]
[EventRounds "10"]
[EventCountry "ESP"]
[WhiteTeam "Helios"]
[BlackTeam "Agrupacion"]

1. d4 Nf6 2. c4 e6 3. Nc3 Bb4 4. Qc2 O-O 5. a3 Bxc3+ 6. Qxc3 b5 7. cxb5 c6 8.
Bg5 cxb5 9. e3 Bb7 10. Nf3 a6 11. Be2 Nc6 12. O-O Ne7 13. Bxf6 gxf6 14. Rfc1
Rc8 15. Qd2 Qb6 16. Rxc8 Rxc8 17. Rc1 Rxc1+ 18. Qxc1 Qc6 19. Qxc6 Bxc6 1/2-1/2

[Event "División  Honor Aragonesa 2018 "]
[Site "Aragon"]
[Date "2018.03.17"]
[Round "8.13"]
[White "Del Rey, Diego"]
[Black "Eizaguerri Floris, Maria"]
[Result "1-0"]
[WhiteElo "2323"]
[BlackElo "2119"]
[PlyCount "69"]
[EventDate "2018.??.??"]
[EventType "tourn"]
[EventRounds "10"]
[EventCountry "ESP"]
[WhiteTeam "El Olivar"]
[BlackTeam "Jaque"]

1. e4 c5 2. c3 b6 3. d4 Bb7 4. d5 Nf6 5. Qc2 e6 6. c4 exd5 7. exd5 d6 8. Nc3 g6
9. Bg5 Qe7+ 10. Kd2 Kd7 11. Re1 Qd8 12. Qa4+ Kc8 13. g3 Ba6 14. Kc1 Be7 15.
Bh3+ Kc7 16. Nf3 h6 17. Bd2 g5 18. Bf5 Bc8 19. Nb5+ Kb7 20. Bxc8+ Kxc8 21. Re2
Rf8 22. Rhe1 Ng8 23. Bc3 Qd7 24. Bg7 Rd8 25. Bxh6 f6 26. Bg7 a6 27. Nc3 Re8 28.
h4 g4 29. Nd2 Kb7 30. Qc2 Rd8 31. Re6 a5 32. h5 Na6 33. h6 Bf8 34. Bxf8 Rxf8
35. h7 1-0

[Event "División  Honor Aragonesa 2018 "]
[Site "Aragon"]
[Date "2018.03.17"]
[Round "8.14"]
[White "Ereza Vizcarra, Fernando"]
[Black "Villuendas Valero, Adrian"]
[Result "0-1"]
[WhiteElo "2054"]
[BlackElo "2291"]
[PlyCount "122"]
[EventDate "2018.??.??"]
[EventType "tourn"]
[EventRounds "10"]
[EventCountry "ESP"]
[WhiteTeam "Jaque"]
[BlackTeam "El Olivar"]

1. d4 e6 2. Nf3 Nf6 3. Bf4 c5 4. e3 b6 5. Nbd2 Bb7 6. Bd3 Be7 7. O-O O-O 8. h3
d6 9. c3 Nbd7 10. e4 Re8 11. e5 Nd5 12. Bg3 cxd4 13. cxd4 dxe5 14. dxe5 Nc5 15.
Bb5 Rf8 16. a3 a6 17. Be2 b5 18. Rc1 Qb6 19. b4 Na4 20. Qb3 a5 21. bxa5 Rxa5
22. Ne4 Nc5 23. Nxc5 Bxc5 24. Ng5 Be7 25. Ne4 Bxa3 26. Ra1 b4 27. Nd6 Ba6 28.
Bc4 Qc5 29. Rfd1 Bxc4 30. Nxc4 Ra6 31. Rd3 Rc8 32. Nxa3 Rca8 33. Qc2 Qxc2 34.
Nxc2 Rxa1+ 35. Nxa1 Rxa1+ 36. Kh2 Ra3 37. Rd2 Kf8 38. f3 Ke8 39. Bf2 Kd7 40.
Rc2 Rc3 41. Ra2 b3 42. Ra7+ Rc7 43. Ra1 Rb7 44. Bd4 Kc6 45. Rb1 Rb4 46. Rc1+
Kb5 47. Rc5+ Ka4 48. Bb2 Rb7 49. Rc8 Rc7 50. Ra8+ Kb4 51. Kg3 Rc2 52. Rb8+ Kc4
53. Ba3 Ra2 54. Bc1 Nb4 55. Rc8+ Kd3 56. Rc7 Rc2 57. Rd7+ Nd5 58. Ba3 Rc7 59.
Rd8 Ra7 60. Bc5 Ra5 61. Bd6 b2 0-1

[Event "División  Honor Aragonesa 2018 "]
[Site "Aragon"]
[Date "2018.03.17"]
[Round "8.17"]
[White "Roche Simon, Manuel Angel"]
[Black "Lopez Gracia, Fernando"]
[Result "0-1"]
[WhiteElo "2210"]
[BlackElo "2302"]
[PlyCount "114"]
[EventDate "2018.??.??"]
[EventType "tourn"]
[EventRounds "10"]
[EventCountry "ESP"]
[WhiteTeam "Delicias"]
[BlackTeam "Ibercaja"]

1. e4 Nc6 2. d4 e5 3. Nf3 exd4 4. Nxd4 Qf6 5. Nb5 Bc5 6. Qe2 Qd8 7. Be3 d6 8.
Qd2 Bxe3 9. Qxe3 Nf6 10. N1c3 a6 11. Nd4 Ng4 12. Qd2 Qf6 13. Nf3 Be6 14. Qg5
O-O-O 15. h3 h6 16. Qxf6 Nxf6 17. O-O-O Rhe8 18. Bd3 Ne5 19. Nd4 Nxd3+ 20. Rxd3
Bc4 21. Re3 g6 22. Rhe1 Nh5 23. g3 c5 24. Nde2 Kc7 25. b3 Be6 26. g4 Nf6 27.
Nf4 g5 28. Nxe6+ Rxe6 29. e5 dxe5 30. Rxe5 Kd6 31. R5e3 Rde8 32. Rd1+ Kc6 33.
Rf3 b5 34. Rf5 R8e7 35. Kb2 Rc7 36. Rd8 Kb7 37. Rh8 Ne8 38. Nd5 Rd7 39. Ne3 Kc6
40. Rf3 Nd6 41. Nf5 Ne4 42. Rxh6 Rd2 43. Rxe6+ fxe6 44. Ng7 Kd5 45. Nh5 Rxf2
46. Nf6+ Kc6 47. Nxe4 Rxf3 48. Nxg5 Re3 49. h4 Kd5 50. h5 Rg3 51. Nh7 Ke5 52.
g5 Kf5 53. g6 e5 54. Nf8 e4 55. Nd7 e3 56. Nxc5 e2 57. Nd3 Rxd3 0-1

[Event "División  Honor Aragonesa 2018 "]
[Site "Aragon"]
[Date "2018.03.17"]
[Round "8.18"]
[White "Torcal Miguel, Oscar"]
[Black "Lamas Mercadal, Manuel"]
[Result "0-1"]
[WhiteElo "2210"]
[BlackElo "2133"]
[PlyCount "54"]
[EventDate "2018.??.??"]
[EventType "tourn"]
[EventRounds "10"]
[EventCountry "ESP"]
[WhiteTeam "Ibercaja"]
[BlackTeam "Delicias"]

1. e4 c5 2. Nf3 d6 3. d4 cxd4 4. Nxd4 Nf6 5. Nc3 g6 6. Be3 Bg7 7. Bc4 O-O 8. f3
Nc6 9. Qd2 Bd7 10. O-O-O Rb8 11. g4 Na5 12. Bb3 b5 13. h4 Nc4 14. Bxc4 bxc4 15.
h5 Qb6 16. b3 Qa5 17. Kb2 Rfc8 18. hxg6 fxg6 19. Rc1 Rb6 20. Bh6 Bh8 21. Bg5
Ra6 22. Kb1 Rc5 23. Be3 Qb4 24. Rh2 Rca5 25. Nde2 Be6 26. Nf4 Nxe4 27. Nxe4
Rxa2 0-1

[Event "División  Honor Aragonesa 2018 "]
[Site "Aragon"]
[Date "2018.03.17"]
[Round "8.19"]
[White "Neila Castillo, Miguel Angel"]
[Black "Sanchez Castro, Roberto"]
[Result "0-1"]
[WhiteElo "2128"]
[BlackElo "1989"]
[PlyCount "94"]
[EventDate "2018.??.??"]
[EventType "tourn"]
[EventRounds "10"]
[EventCountry "ESP"]
[WhiteTeam "Delicias"]
[BlackTeam "Ibercaja"]

1. e4 c5 2. Nc3 Nc6 3. f4 e6 4. Nf3 Nge7 5. Bb5 Nd4 6. Nxd4 cxd4 7. Ne2 a6 8.
Ba4 b5 9. Bb3 d3 10. cxd3 Bb7 11. O-O f5 12. Bc2 Rc8 13. b3 Qc7 14. Bb1 d5 15.
e5 d4 16. Bb2 Nc6 17. Kh1 h5 18. Nxd4 Nxd4 19. Bxd4 Ba3 20. b4 Bxb4 21. Bb2 Qc6
22. Qe2 Rh6 23. h3 Rg6 24. Rf2 Rg3 25. Kh2 h4 26. d4 g6 27. Bd3 Qd5 28. Rc1
Rxc1 29. Bxc1 Qxd4 30. Bxb5+ Kf7 31. Bb2 Qxb2 32. Bxa6 Bxa6 33. Qxa6 Qd4 34.
Qb7+ Be7 35. Rf1 Ra3 36. Rc1 Ra7 37. Qc8 Qxf4+ 38. Kh1 Qxe5 39. Qc4 Bd6 40. Kg1
Rc7 41. Qf1 Qh2+ 42. Kf2 Qg3+ 43. Kg1 Qh2+ 44. Kf2 Qf4+ 45. Ke2 Qxf1+ 46. Rxf1
Rc2 47. Ra1 Be5 0-1

[Event "División  Honor Aragonesa 2018 "]
[Site "Aragon"]
[Date "2018.03.17"]
[Round "8.21"]
[White "Gavin Roche, Enrique"]
[Black "Garcia Fernandez, Javier"]
[Result "1/2-1/2"]
[WhiteElo "2231"]
[BlackElo "2148"]
[PlyCount "133"]
[EventDate "2018.??.??"]
[EventType "tourn"]
[EventRounds "10"]
[EventCountry "ESP"]
[WhiteTeam "ONCE C.A. Aragon"]
[BlackTeam "Teruel"]

1. d4 Nf6 2. c4 g6 3. Nc3 d5 4. Nf3 Bg7 5. Bg5 dxc4 6. e4 c5 7. d5 b5 8. e5 b4
9. exf6 exf6 10. Qe2+ Kf8 11. Bd2 bxc3 12. Bxc3 Qxd5 13. Qxc4 Bb7 14. Rd1 Qe6+
15. Be2 Na6 16. Qxe6 fxe6 17. Rd7 Bc6 18. Rd6 Nb8 19. Bc4 Kf7 20. Rxe6 Re8 21.
Ne5+ Kf8 22. Rxe8+ Kxe8 23. Nxc6 Nxc6 24. O-O Rd8 25. Bb5 Rd6 26. Re1+ Kf7 27.
Kf1 Nd4 28. Bc4+ Kf8 29. a3 f5 30. b4 Rd7 31. bxc5 Nc2 32. Rc1 Bxc3 33. Rxc2
Ba5 34. Ke2 Ke7 35. h4 h6 36. Kf3 Rd2 37. Rc1 Rd4 38. g3 g5 39. h5 Kd7 40. Ke3
Rd2 41. Bb5+ Kc7 42. Rc4 Rb2 43. a4 Be1 44. f4 Bxg3 45. fxg5 hxg5 46. Rc3 g4
47. Rd3 Rh2 48. Rd7+ Kb8 49. Rh7 Bf2+ 50. Kf4 Bxc5 51. Kxf5 g3 52. Bc6 g2 53.
Bxg2 Rxg2 54. h6 Rh2 55. Kg6 Be3 56. a5 a6 57. Rh8+ Kb7 58. h7 Bd4 59. Rd8 Bc3
60. Rd5 Kc6 61. Rf5 Kd6 62. Rf3 Bb2 63. Rb3 Bd4 64. Rb8 Kc6 65. Rb4 Kd5 66. Rb8
Kc4 67. Rb6 1/2-1/2

[Event "División  Honor Aragonesa 2018 "]
[Site "Aragon"]
[Date "2018.03.17"]
[Round "8.22"]
[White "Dominguez Bujeda, Jesus"]
[Black "Laliena Solanes, Luis"]
[Result "1/2-1/2"]
[WhiteElo "2097"]
[BlackElo "2140"]
[PlyCount "154"]
[EventDate "2018.??.??"]
[EventType "tourn"]
[EventRounds "10"]
[EventCountry "ESP"]
[WhiteTeam "Teruel"]
[BlackTeam "ONCE C.A. Aragon"]

1. d4 Nf6 2. c4 c5 3. d5 b5 4. cxb5 a6 5. b6 d6 6. Nc3 Nbd7 7. b7 Bxb7 8. e4 g6
9. Nf3 Bg7 10. Be2 O-O 11. O-O Rb8 12. Nd2 Nb6 13. a4 Ne8 14. a5 Nd7 15. Nc4
Nc7 16. Bg5 h6 17. Be3 Nb5 18. Qd2 Nd4 19. Bxd4 cxd4 20. Na4 f5 21. exf5 gxf5
22. Ncb6 Ne5 23. f4 Ng4 24. Bxg4 fxg4 25. Qe2 h5 26. Rae1 Rf7 27. Rc1 Qe8 28.
Qe6 Kh8 29. Rc7 Rf6 30. Qd7 Ba8 31. Qxe7 Qxe7 32. Rxe7 Rf5 33. Nxa8 Rxa8 34.
Nb6 Rb8 35. Re4 d3 36. Rd1 Bxb2 37. Rxd3 Rb7 38. g3 Rf6 39. Re6 Kg7 40. Kf1 Rc7
41. Ke2 Bc3 42. Ke3 Bxa5 43. Na4 Rc4 44. Ra3 Bb4 45. Ra2 a5 46. Kd3 Rc1 47.
Re7+ Rf7 48. Rxf7+ Kxf7 49. Nb6 Rc5 50. Ke4 Rb5 51. Nc4 Ke7 52. Ne3 Bc5 53. Nc4
Rb4 54. Kd3 a4 55. Re2+ Kf7 56. Ra2 a3 57. Kc3 Ra4 58. Kb3 Rb4+ 59. Kc3 Ra4 60.
Kb3 Rb4+ 61. Kc3 Rb1 62. Nxa3 Rd1 63. Nc4 Rxd5 64. Rd2 Ke6 65. Rxd5 Kxd5 66.
Kd3 Bg1 67. Ne3+ Ke6 68. Nf1 d5 69. Ke2 Kf5 70. Ke1 Ke4 71. Ke2 d4 72. Nd2+ Kd5
73. Kf1 Be3 74. Ke2 Bg1 75. Kf1 Be3 76. Ke2 Bg1 77. Kf1 Be3 1/2-1/2

[Event "División  Honor Aragonesa 2018 "]
[Site "Aragon"]
[Date "2018.03.17"]
[Round "8.23"]
[White "Cobo Garrido, Diego Israel"]
[Black "Martin Catalan, Juan Vicente"]
[Result "0-1"]
[WhiteElo "2083"]
[BlackElo "2055"]
[PlyCount "90"]
[EventDate "2018.??.??"]
[EventType "tourn"]
[EventRounds "10"]
[EventCountry "ESP"]
[WhiteTeam "ONCE C.A. Aragon"]
[BlackTeam "Teruel"]

1. e4 c5 2. Nf3 g6 3. d4 cxd4 4. Qxd4 Nf6 5. Nc3 Nc6 6. Qa4 h5 7. Bf4 Bg7 8. h3
O-O 9. e5 Ne8 10. O-O-O Qa5 11. Qxa5 Nxa5 12. Nd5 Nc6 13. Bb5 e6 14. Nc3 f5 15.
exf6 Bxf6 16. Be3 d5 17. Ne2 Nd6 18. Bd3 Nf5 19. Bc5 Be7 20. Bxe7 Nfxe7 21.
Rhf1 e5 22. Bb5 Bxh3 23. Nh4 Bg4 24. f3 Be6 25. g3 Rf6 26. Rd2 Raf8 27. Ng1 Nd4
28. Be2 Ndf5 29. Nxf5 Nxf5 30. g4 Ne3 31. Re1 hxg4 32. Bd3 d4 33. fxg4 Bxg4 34.
c3 Kg7 35. cxd4 exd4 36. b3 b6 37. Ne2 Rf1 38. Rxf1 Rxf1+ 39. Kb2 Rf2 40. Kc1
Bxe2 41. Bxe2 Kf6 42. Rb2 Ke5 43. Kd2 g5 44. Ke1 Rh2 45. a4 d3 0-1

[Event "División  Honor Aragonesa 2018 "]
[Site "Aragon"]
[Date "2018.03.17"]
[Round "8.24"]
[White "Arpa Pardos, Emilio"]
[Black "Fuertes Garay, Javier"]
[Result "0-1"]
[WhiteElo "1932"]
[BlackElo "2040"]
[PlyCount "42"]
[EventDate "2018.??.??"]
[EventType "tourn"]
[EventRounds "10"]
[EventCountry "ESP"]
[WhiteTeam "Teruel"]
[BlackTeam "ONCE C.A. Aragon"]

1. e4 e5 2. Nf3 Nc6 3. Bc4 Bc5 4. c3 Nf6 5. d4 exd4 6. cxd4 Bb4+ 7. Nc3 Nxe4 8.
O-O Bxc3 9. d5 Bf6 10. Re1 Ne7 11. Rxe4 d6 12. Bg5 Bxg5 13. Nxg5 O-O 14. Nxh7
Bf5 15. Rh4 Re8 16. Qh5 Ng6 17. Ng5 Qf6 18. g4 Nxh4 19. gxf5 Qxg5+ 20. Qxg5
Nf3+ 21. Kh1 Nxg5 0-1

[Event "División  Honor Aragonesa 2018 "]
[Site "Aragon"]
[Date "2018.03.17"]
[Round "8.25"]
[White "Salamero Pelay, Fernando"]
[Black "Fernandez Rubio, Rafael"]
[Result "0-1"]
[WhiteElo "2155"]
[BlackElo "2056"]
[PlyCount "84"]
[EventDate "2018.??.??"]
[EventType "tourn"]
[EventRounds "10"]
[EventCountry "ESP"]
[WhiteTeam "Atletismo Huesca"]
[BlackTeam "Tauste"]

1. e4 g6 2. d4 Bg7 3. Nf3 c5 4. Bc4 cxd4 5. c3 dxc3 6. Nxc3 Nf6 7. e5 Ng4 8.
Bxf7+ Kxf7 9. Ng5+ Ke8 10. Qxg4 Bxe5 11. O-O Nc6 12. Nxh7 Rxh7 13. Qxg6+ Rf7
14. Bh6 e6 15. Qg8+ Ke7 16. Bg5+ Bf6 17. Nd5+ Kd6 18. Bf4+ Kxd5 19. Qxf7 Kc5
20. Rac1+ Kb6 21. Bd6 a6 22. Bc5+ Kc7 23. Qg6 b6 24. Ba3 d5 25. Qg3+ Kb7 26.
Bd6 Bd7 27. b4 Qg8 28. Qb3 e5 29. b5 axb5 30. Rfd1 d4 31. Qxb5 Ra5 32. Qb2 Bh3
33. f3 Rxa2 34. Qxa2 Qxa2 35. gxh3 Qd5 36. Bf8 Qxf3 37. Rf1 Qe3+ 38. Kh1 Qe4+
39. Kg1 Bg5 40. Rf7+ Ka6 41. Ra1+ Na5 42. Ra2 Qb1+ 0-1

[Event "División  Honor Aragonesa 2018 "]
[Site "Aragon"]
[Date "2018.03.17"]
[Round "8.26"]
[White "Sancho Casale, Jesus"]
[Black "Abril Avellanas, Eduardo"]
[Result "0-1"]
[WhiteElo "2005"]
[BlackElo "2142"]
[PlyCount "102"]
[EventDate "2018.??.??"]
[EventType "tourn"]
[EventRounds "10"]
[EventCountry "ESP"]
[WhiteTeam "Tauste"]
[BlackTeam "Atletismo Huesca"]

1. f4 c5 2. Nf3 g6 3. g3 Bg7 4. Bg2 Nc6 5. O-O Nf6 6. d3 O-O 7. c3 d6 8. Na3
Bd7 9. Kh1 Rb8 10. Qe1 b5 11. e4 Ne8 12. h3 Nc7 13. g4 b4 14. Nc4 bxc3 15. bxc3
f5 16. gxf5 gxf5 17. Qh4 Rf6 18. e5 Rg6 19. d4 cxd4 20. cxd4 Nb4 21. Bd2 Nbd5
22. Ba5 Qf8 23. Rab1 Rc8 24. Rb7 Bc6 25. Rxa7 Rxg2 26. Kxg2 Ne6 27. Kh2 Bb5 28.
Rg1 Rxc4 29. exd6 Rc2+ 30. Bd2 Be2 31. dxe7 Nxe7 32. Ng5 Nxg5 33. Qxg5 Ng6 34.
Rd7 Bh6 35. Qg2 Rxd2 36. Qd5+ Kh8 37. Kh1 Bd3 38. Re1 Rd1 39. Rxh7+ Kxh7 40.
Qd7+ Kh8 41. Rxd1 Qa8+ 42. Kg1 Nxf4 43. Rd2 Qf3 44. Qd8+ Kh7 45. Qd7+ Kg6 46.
Qe8+ Kg5 47. h4+ Kg4 48. Qg8+ Kxh4 49. Qd8+ Bg5 50. Rh2+ Kg4 51. Rf2 Nh3+ 0-1

[Event "División  Honor Aragonesa 2018 "]
[Site "Aragon"]
[Date "2018.03.17"]
[Round "8.27"]
[White "Luis Vitalla, Fernando"]
[Black "Muro Turon, Raul"]
[Result "1-0"]
[WhiteElo "2116"]
[BlackElo "1884"]
[PlyCount "55"]
[EventDate "2018.??.??"]
[EventType "tourn"]
[EventRounds "10"]
[EventCountry "ESP"]
[WhiteTeam "Atletismo Huesca"]
[BlackTeam "Tauste"]

1. d4 Nf6 2. c4 c5 3. d5 b5 4. Nd2 Qa5 5. Qc2 d6 6. e4 g6 7. Ngf3 Bg7 8. cxb5
a6 9. a4 Nbd7 10. Be2 axb5 11. Bxb5 Ba6 12. Bxa6 Qxa6 13. Nc4 O-O 14. O-O Rfb8
15. Bd2 Ng4 16. a5 Qb5 17. Rab1 Nge5 18. Nfxe5 Nxe5 19. b3 Nxc4 20. bxc4 Qd7
21. Rb3 Bd4 22. Rfb1 Rxb3 23. Qxb3 Qg4 24. Bh6 Bxf2+ 25. Kf1 Rc8 26. Qb7 Re8
27. Qxe7 Ra8 28. Kxf2 1-0

[Event "División  Honor Aragonesa 2018 "]
[Site "Aragon"]
[Date "2018.03.17"]
[Round "8.28"]
[White "San Lazaro Lorente, David"]
[Black "Gella Lopez, Angel"]
[Result "1/2-1/2"]
[WhiteElo "1846"]
[BlackElo "2110"]
[PlyCount "51"]
[EventDate "2018.??.??"]
[EventType "tourn"]
[EventRounds "10"]
[EventCountry "ESP"]
[WhiteTeam "Tauste"]
[BlackTeam "Atletismo Huesca"]

1. d4 d5 2. Nf3 Nf6 3. e3 e6 4. Bd3 c5 5. c3 Bd6 6. Nbd2 Nc6 7. O-O O-O 8. dxc5
Bxc5 9. e4 Qc7 10. exd5 exd5 11. Nb3 Bd6 12. h3 Re8 13. Be3 Ne4 14. Nbd4 a6 15.
Bc2 Ne5 16. Nxe5 Bxe5 17. Nf3 Nf6 18. Nxe5 Qxe5 19. Bd4 Qg5 20. Bxf6 gxf6 21.
Qd3 Qh5 22. Rfe1 Bd7 23. Qg3+ Qg5 24. Qxg5+ fxg5 25. Bb3 Bc6 26. f3 1/2-1/2

[Event "División  Honor Aragonesa 2018 "]
[Site "Aragon"]
[Date "2018.03.17"]
[Round "8.29"]
[White "Arjol Lopez, Daniel"]
[Black "Hinojar Basa, Alfonso"]
[Result "0-1"]
[WhiteElo "2042"]
[BlackElo "2199"]
[PlyCount "82"]
[EventDate "2018.??.??"]
[EventType "tourn"]
[EventRounds "10"]
[EventCountry "ESP"]
[WhiteTeam "St. Casablanca B"]
[BlackTeam "Marcos Frechin"]

1. Nf3 Nf6 2. g3 d5 3. Bg2 e6 4. O-O Be7 5. b3 c5 6. Bb2 O-O 7. c4 Nc6 8. e3 d4
9. exd4 cxd4 10. d3 Re8 11. Re1 Bc5 12. Ne5 Nxe5 13. Rxe5 Qd6 14. f4 Nd7 15.
Re2 f5 16. Nd2 Rb8 17. a3 a5 18. Nf3 b5 19. b4 axb4 20. axb4 Bxb4 21. Bxd4 Bc5
22. Bxc5 Qxc5+ 23. d4 Qxc4 24. Rc2 Qb3 25. Qd2 Bb7 26. Rc3 Qb4 27. Ra7 Qd6 28.
Ne5 Nxe5 29. fxe5 Qb6 30. Rxb7 Rxb7 31. Bxb7 Qxb7 32. g4 Qe4 33. gxf5 Qxf5 34.
Qf2 Qg4+ 35. Rg3 Qd1+ 36. Kg2 Rf8 37. Rf3 Rxf3 38. Qxf3 Qxf3+ 39. Kxf3 Kf7 40.
Ke4 Ke7 41. h4 g6 0-1

[Event "División  Honor Aragonesa 2018 "]
[Site "Aragon"]
[Date "2018.03.17"]
[Round "8.30"]
[White "Portero Garnica, Miguel Angel"]
[Black "Jaques Burguete, Raul"]
[Result "1-0"]
[WhiteElo "2116"]
[BlackElo "2002"]
[PlyCount "61"]
[EventDate "2018.??.??"]
[EventType "tourn"]
[EventRounds "10"]
[EventCountry "ESP"]
[WhiteTeam "Marcos Frechin"]
[BlackTeam "St. Casablanca B"]

1. e4 Nc6 2. d4 d5 3. e5 e6 4. Nf3 Nge7 5. Bd3 Nf5 6. c3 Be7 7. O-O h5 8. Na3
b6 9. b3 a5 10. Nc2 Ba6 11. Ne3 Nh4 12. Nxh4 Bxh4 13. Bxa6 Rxa6 14. Qd3 Ra8 15.
g3 Bg5 16. f4 Bh6 17. f5 Bxe3+ 18. Bxe3 Qd7 19. fxe6 Qxe6 20. Rf4 Kd7 21. Qb5
Raf8 22. Raf1 h4 23. c4 hxg3 24. cxd5 Qh3 25. Qxc6+ Kd8 26. Qa8+ Ke7 27. d6+
Ke6 28. d5+ Kxe5 29. Bd4+ Kxd6 30. Qc6+ Ke7 31. Qxc7+ 1-0

[Event "División  Honor Aragonesa 2018 "]
[Site "Aragon"]
[Date "2018.03.17"]
[Round "8.31"]
[White "Roque Sola, Gisela"]
[Black "Sancho Cortes, Miguel Angel"]
[Result "1-0"]
[WhiteElo "1978"]
[BlackElo "2048"]
[PlyCount "49"]
[EventDate "2018.??.??"]
[EventType "tourn"]
[EventRounds "10"]
[EventCountry "ESP"]
[WhiteTeam "St. Casablanca B"]
[BlackTeam "Marcos Frechin"]

1. c4 f5 2. g3 Nf6 3. Bg2 e6 4. Nc3 d5 5. cxd5 exd5 6. Nf3 c6 7. O-O Bd6 8. d3
O-O 9. e4 Bb4 10. exd5 Bxc3 11. bxc3 Nxd5 12. Qb3 Nd7 13. Ba3 Re8 14. Rfe1 N7b6
15. Rxe8+ Qxe8 16. Re1 Qg6 17. c4 Nf6 18. Re7 f4 19. Ne5 Qh5 20. Bf3 Bg4 21.
Bxg4 Nxg4 22. Nxg4 Qxg4 23. Bb2 g5 24. Rg7+ Kf8 25. Qb4+ 1-0